000 02011cam a2200313 4500500
005 20260405002524.0
041 _afre
042 _adc
100 1 0 _aPastore, Emanuelle
_eauthor
245 0 0 _aLe sang de l’homme et le vin de sa vigne : une lecture écopoétique de 1 Rois 21
260 _c2025.
500 _a95
520 _aCet article propose une lecture écopoétique de 1 R 21, centrée sur la symbolique de la vigne de Nabot. Celle-ci ne constitue pas un simple décor narratif, mais incarne les tensions entre fidélité au don de Dieu, abus de pouvoir royal et convoitise meurtrière. À travers la confrontation entre Nabot, Achab, Jézabel et le prophète Élie, la péricope manifeste un entrelacement profond entre justice sociale, héritage théologique et lien à la terre. Cette relecture biblique invite à enraciner l’écologie dans une vision responsable par rapport au monde vivant.
520 _aThis article offers an ecopoetic reading of 1 Kings 21, focusing on the symbolism of Naboth’s vineyard. The vineyard is not merely a narrative backdrop, but embodies the tensions between faithfulness to God’s gift, royal abuse of power, and murderous covetousness. Through the confrontation between Naboth, Ahab, Jezebel, and the prophet Elijah, the pericope reveals a deep interweaving of social justice, theological inheritance, and connection to the land. This biblical reinterpretation enables ecology to be rooted in a responsable vision with regard to the living world.
690 _aBible
690 _aÉcologie
690 _aJustice
690 _aPouvoir
690 _aProphétisme
690 _aVigne
690 _aBible
690 _aEcology
690 _aJustice
690 _aPower
690 _aProphetism
690 _aVineyard
786 0 _nNouvelle revue théologique | 147 | 4 | 2025-09-02 | p. 529-541 | 0029-4845
856 4 1 _uhttps://shs.cairn.info/revue-nouvelle-revue-theologique-2025-4-page-529?lang=fr&redirect-ssocas=7080
999 _c2058506
_d2058506